Declaración ecuménica frente la ALCA. Integración y solidaridad entre los pueblos de las Américas
Kaydedildi:
| Materyal Türü: | Metin |
|---|---|
| Konular: | |
| Etiketler: |
Etiketle
Etiket eklenmemiş, İlk siz ekleyin!
|
MARC
| LEADER | 00000 a a2200000 04500 | ||
|---|---|---|---|
| 001 | 11791 | ||
| 003 | |||
| 040 | |||
| 245 | |a Declaración ecuménica frente la ALCA. Integración y solidaridad entre los pueblos de las Américas | ||
| 650 | |a ALCA | ||
| 650 | |a IGLESIA CATOLICA | ||
| 773 | |g número 110; páginas 29-31 | ||
| 999 | |c 40072 |d 40072 | ||
| 773 | 0 | |0 41641 |9 2448 |a Departamento Ecuménico de Investigaciones (DEI) |d San José, Costa Rica Departamento Ecuménico de Investigaciones (DEI) |o 20195 |t Pasos / | |
